Bird Species by Family : Mergansers - Statistics

General Stats
  • This quiz has been taken 48 times
  • The average score is 5 of 6
Answer Stats
Picture Answer % Correct
Common Merganser
100%
Hooded Merganser
97%
Red-Breasted Merganser
85%
Smew
82%
Brazilian Merganser
61%
Scaly-Sided Merganser
42%
No matching quizzes found
Score Distribution
Percent of People with Each Score
Percentile by Number Answered
Your Score History
You have not taken this quiz